Statistics for Most Popular Turkish TV shows

Click here to take the quiz!

General Stats

  • This quiz has been taken 42 times
  • The average score is 9 of 23

Answer Stats

HintAnswer% Correct
police officer trying to solve hideous crimesBehzat ç.
71%
A playboy from a rich family is forcefully married to a girl from Antepyalı çapkını
65%
17 season long series about police officers and crimesarka sokaklar
59%
an autistic doctorMucize doktor
56%
Fake marriage between a girl and an owner of an architecture company.sen çal kapımı
56%
a love triangle between an age gaped married couple and their young nephewaşkı memnu
53%
Life in Ottoman Empiremuhteşem yüzyıl
50%
Haluk MutfakÇocuklar Duymasın
47%
Sitcom about 80's turkeySeksenler
47%
Camdaki güvercin , yalıdaki çapkın kaldırımda baygın sana da günaydınerkenci kuş
44%
A wannabe shoe designer's adventureskiralık aşk
44%
A sorceress helping three little girls throughout their high school lifeSelena
41%
4 women trying to unravel the murder of their friendUfak tefek cinayetler
41%
A wannabe designer ' adventureskiraz mevsimi
38%
a young adult series between rich blonde girl and poor guy from Tozludere that takes place in a rich neighborhoodmedcezir
38%
5 special talented step siblings trying to control their powerssana bir sır vereceğim
38%
The mafiatic incidents that takes place in a Istanbul neighborhoodçukur
32%
A man whom changed his identity in order to take place in special operationsezel
29%
A little boy's adventures who is from a traditional family in UrfaKüçük Ağa
26%
Selahatin tries to hide his affairs while the whole family goes through interesting eventsYalan Dünya
24%
the ambition of a dancerFi
18%
one man and one women1 Kadın 1 Erkek
6%
3 siblings trying to earn their lives through unfortunate events and an unusual neighborhoodKardeş Payı
6%

Score Distribution

Percentile by Number Answered

Percent of People with Each Score

Your Score History

You have not taken this quiz